000 01057nam a2200265 i 4500
001 143848
003 ES-MaACL
005 20230906200905.0
007 t|
008 070214s1985 sp |||| | spa d
080 _a141.336
100 1 _aShah, Idries.
_9105984
245 1 0 _aCuentos de los derviches
_b: historias-enseñanza de los maestros sufis a través de los últimos mil años : seleccionados de clásicos sufis, de tradiciones orales, de manuscritos inéditos y de escuelas de enseñanza sufi de muchos países /
_cIdries Shah ; introducción a la edición castellana de Robert Graves ; traducción de A. H. D. Halka.
250 _a2ª reimp.
260 _aBarcelona ;
_aBuenos Aires :
_bPaidós,
_c1985.
300 _a237 p. ;
_c20 cm.
490 1 _aPaidós Orientalia ;
_v9
650 4 _aSufismo.
_917256
650 0 4 _aMisticismo musulmán.
_915090
700 1 _aGraves, Robert.
_959783
700 1 _aHalka, A. H. D.
_961550
830 0 _aPaidós Orientalia ;
_v9
_9180381
852 _aES-MaACL
_jL-11152
999 _c143848
_d143848